01163nam a22002897a 450000500170000000800410001702000180005802000150007604000130009108200200010410000390012424500580016324600620022124600360028326000990031930000430041850000260046150000250048750400280051265000590054065000450059965300230064465500240066794200200069199900170071195201450072820141104144215.0141104t2013 xxua frbf 001 0 eng d a9781451150223 a1451150229 aEG-ScBUE00222a615.58bKAR1 936452aKarch, Amy Morrison,d1949-10a2013 Lippincott's nursing drug guide /cAmy M. Karch.3 aTwo thousand and thirteen Lippincott's nursing drug guide30aLippincott's nursing drug guide aPhiladelphia, United States :bWolters Kluwer Health / Lippincott Williams & Wilkins,cc.2013. axvii, 1486 p. :bill. (col.) ;c21 cm. aIndex : p. 1403-1486. aIncludes appendixes. aBibliography : p. 1401. 0927235aDrugsxAdministrationvHandbooks, manuals, etc. 0912117aNursingvHandbooks, manuals, etc. bNNURcNovember2014 vreading book934232 2ddck615.58 KAR c18550d18522 00102ddc40708BaccahaMAINbMAINc0THd2014-11-04epurchaseg206.00h20526l0o615 KARp000036946r2025-07-15 00:00:00v257.50yREFERENCE